UM Logo

Blast and ballistic loading of structures / (Record no. 7961)

MARC details
000 -LEADER
fixed length control field 00695nam a2200193 4500
008 - FIXED-LENGTH DATA ELEMENTS--GENERAL INFORMATION
fixed length control field 171207b xxu||||| |||| 00| 0 eng d
020 ## - INTERNATIONAL STANDARD BOOK NUMBER
International Standard Book Number 0750620242
082 ## - DEWEY DECIMAL CLASSIFICATION NUMBER
Edition number 1994
Classification number DC 364.176
Item number Sm6
100 ## - MAIN ENTRY--PERSONAL NAME
9 (RLIN) 24481
Personal name Smith, P. D., author.
245 ## - TITLE STATEMENT
Title Blast and ballistic loading of structures /
Statement of responsibility, etc. P.D. Smith, J.G. Hetherington
260 ## - PUBLICATION, DISTRIBUTION, ETC. (IMPRINT)
Place of publication, distribution, etc. Oxford ; Boston :
Name of publisher, distributor, etc. Butterworth-Heinemann,
Date of publication, distribution, etc. ©1994.
300 ## - PHYSICAL DESCRIPTION
Extent x, 320 pages :
Other physical details illustrations ;
Dimensions 24 cm.
500 ## - GENERAL NOTE
General note Includes bibliographical references and index.
650 #0 - SUBJECT ADDED ENTRY--TOPICAL TERM
9 (RLIN) 24482
Topical term or geographic name as entry element Blast effect
650 #0 - SUBJECT ADDED ENTRY--TOPICAL TERM
9 (RLIN) 24483
Topical term or geographic name as entry element Structural dynamics
650 #0 - SUBJECT ADDED ENTRY--TOPICAL TERM
9 (RLIN) 24484
Topical term or geographic name as entry element Structural design
700 ## - ADDED ENTRY--PERSONAL NAME
9 (RLIN) 24485
Personal name Hetherington, J. G, author.
942 ## - ADDED ENTRY ELEMENTS (KOHA)
Source of classification or shelving scheme Dewey Decimal Classification
Koha item type Circulation

No items available.